000 00422nam a22001697a 4500
020 _a9789354820823
082 _aM803
_bDIV/K
100 _aDivya S. Iyer
245 _aKaiyoppitta vazhikal /
_cby Divya S. Iyer
260 _aKottayam:
_bDC Books,
_c2025.
300 _a133p.
650 _aMemoirs Divya S.Iyer
650 _aMemoirs Malayalam
650 _aLiterature Malayalam
650 _aLiterature
942 _cBK
999 _c181400
_d181400